000 00288nam a22001217a 4500
008 170208b xxu||||| |||| 00| 0 eng d
041 _aeng
080 _a61
100 _a4
101 _aSHM
245 _aPRACTICAL SPANISH FOR MEDICAL AND HOSPITAL PERSONNEL
_cBOMSE, M.D
942 _2udc
_cBK
999 _c4876
_d4876